[Event "17th Open"]
[Site "Kavala GRE"]
[Date "2008.07.31"]
[Round "1"]
[White "Timoshenko,G"]
[Black "Ribreau,H"]
[Result "1-0"]
[WhiteElo "2572"]
[BlackElo "2252"]

1.e4 d6 2.d4 Nf6 3.Nc3 e5 4.Nf3 Nbd7 5.Bc4 Be7 6.O-O O-O 7.Re1 c6 8.a4 b6
9.Ba2 a6 10.Bg5 Rb8 11.Rb1 b5 12.axb5 axb5 13.b4 Re8 14.h3 Qc7 15.Bh4 exd4
16.Nxd4 Ne5 17.f4 Ng6 18.Bg3 Bf8 19.Kh1 Bd7 20.Bh2 Ra8 21.Qd3 Qb7 22.e5 Nh5
23.Qf3 Rxa2 24.Nxa2 Nhxf4 25.Bxf4 dxe5 26.Be3 exd4 27.Bxd4 Rxe1+ 28.Rxe1 Be6
29.Nc3 Bxb4 30.Rb1 Bf8 31.Qg3 Qd7 32.Rd1 Bd6 33.Qf2 Qe7 34.Ne4 Bd5 35.Nxd6 Qxd6
36.Re1 h6 37.Bc5 Qd7 38.Qg3 Nf4 39.Qxf4  1-0

[Event "83rd ch-ARG"]
[Site "La Plata ARG"]
[Date "2008.07.31"]
[Round "2"]
[White "Tristan,L"]
[Black "Felgaer,R"]
[Result "0-1"]
[WhiteElo "2366"]
[BlackElo "2566"]

1.e4 d6 2.d4 Nf6 3.Nc3 c6 4.f3 Nbd7 5.Be3 e5 6.Qd2 Be7 7.O-O-O O-O 8.Nge2 b5
9.dxe5 Nxe5 10.Nd4 b4 11.Nb1 c5 12.Nb5 Qa5 13.Nxd6 Rd8 14.Nxc8 Raxc8 15.Qe2 c4
16.Rxd8+ Bxd8 17.Qd2 c3 18.bxc3 bxc3 19.Qd6 Qxa2 20.Qa3 Qe6 21.Qb3 Qc6 22.Bb5 Qb7
23.Be2 Qc7 24.Rd1 Be7 25.Ba6 Rb8 26.Qa4 h6 27.Be2 Nfd7 28.Qxa7 Qxa7  0-1

[Event "III Open"]
[Site "Oviedo ESP"]
[Date "2008.07.31"]
[Round "9"]
[White "Sanchez Vergara,A"]
[Black "Menendez Rey,J"]
[Result "0-1"]
[WhiteElo "2063"]
[BlackElo "2222"]

1.e4 Nf6 2.Nc3 d6 3.d4 Nbd7 4.Nf3 e5 5.g4 g6 6.g5 Nh5 7.Be3 Bg7 8.Be2 O-O
9.Qd2 c6 10.O-O-O Qe7 11.d5 c5 12.h4 a6 13.Rdg1 b5 14.Nh2 b4 15.Nd1 Nf4 16.Ng4 a5
17.Bxf4 exf4 18.Qxf4 b3 19.cxb3 a4 20.Kb1 axb3 21.a3 Ra4 22.f3 f5 23.gxf6 Nxf6
24.Nxf6+ Rxf6 25.Qe3 Qa7 26.Qxb3 Rf7 27.Nc3 Ra5 28.Nb5 Qb6 29.h5 Rb7 30.hxg6 h6
31.a4 Rba7 32.Qd3 Rxa4 33.Qe3 Rb4  0-1

[Event "III Open"]
[Site "Oviedo ESP"]
[Date "2008.07.31"]
[Round "9"]
[White "Rodriguez Fernandez,JuanR"]
[Black "Fernandez Diez,A"]
[Result "0-1"]
[WhiteElo "2206"]
[BlackElo "2068"]

1.e4 c6 2.d4 d6 3.Nc3 Nf6 4.a4 Qa5 5.Bd2 Qb6 6.Nf3 Bg4 7.a5 Qc7 8.Bc4 e5
9.Be3 Nbd7 10.d5 Be7 11.O-O O-O 12.Re1 Nc5 13.Bg5 Nh5 14.h3 Bxf3 15.Qxf3 Bxg5
16.Qxh5 Bd2 17.Re2 Bxc3 18.bxc3 Rab8 19.Ree1 Nd7 20.Qf3 Kh8 21.dxc6 bxc6
22.Qd3 Nc5 23.Qd2 f5 24.exf5 Rxf5 25.Bd3 Rf4 26.Qe3 Rbf8 27.f3 Ne6 28.Bf1 Ng5
29.Rad1 h6 30.Be2 d5 31.a6 e4 32.fxe4 Rxe4 33.Qc5 Nxh3+ 34.Kh1 Nf2+ 35.Kg1 Qf4
36.Rb1 Nh3+ 37.Kh1 Rfe8 38.Qxa7 Qg3 39.Qd7 Nf2+ 40.Kg1 Ng4  0-1

[Event "3rd Int Open"]
[Site "Edmonton CAN"]
[Date "2008.08.01"]
[Round "2"]
[White "Hansen,Eric"]
[Black "Porper,E"]
[Result "1-0"]
[WhiteElo "2268"]
[BlackElo "2476"]

1.e4 d6 2.d4 Nf6 3.Nc3 e5 4.Nf3 Nbd7 5.Bc4 Be7 6.O-O O-O 7.Re1 c6 8.a4 h6
9.Bb3 Qc7 10.h3 Re8 11.Be3 Nf8 12.d5 Ng6 13.a5 c5 14.Nd2 Bd7 15.Ba4 Bxa4
16.Rxa4 Qd7 17.Qe2 Nf4 18.Qb5 Qc7 19.a6 Reb8 20.b3 bxa6 21.Qxa6 Rb6 22.Qf1 Nd7
23.Rea1 Rb4 24.Nb5 Qb7 25.Rxa7 Rxa7 26.Rxa7 Qxb5 27.Qxb5 Rxb5 28.Rxd7 Kf8
29.Bxf4 exf4 30.Nc4 Rb4 31.Kf1 Ke8 32.Ra7 Rb8 33.Ke2 g5 34.Kf3 h5 35.e5 Rd8
36.Ke4  1-0

[Event "XXXIV Open"]
[Site "Badalona ESP"]
[Date "2008.08.02"]
[Round "2"]
[White "Sanchez Ibern,M"]
[Black "Lubczynski,R"]
[Result "1/2-1/2"]
[WhiteElo "2161"]
[BlackElo "2414"]

1.e4 d6 2.d4 Nf6 3.Nc3 e5 4.dxe5 dxe5 5.Qxd8+ Kxd8 6.Bc4 Ke8 7.f3 c6 8.Be3 Nbd7
9.Nge2 b5 10.Bb3 Nc5 11.Bxc5 Bxc5 12.a4 b4 13.Nb1 Nd7 14.Nd2 Ke7 15.Nc1 Bd4
16.Nd3 Nc5 17.Nxc5 Bxc5 18.Bc4 g5 19.Ke2 Bd4 20.Rab1 g4 21.h3 gxf3+ 22.Nxf3 h5
23.Rhf1 Be6 24.Bxe6  1/2-1/2

[Event "IX Miquel Mas de Figueres Open"]
[Site "Castell de Sant Ferran ESP"]
[Date "2008.08.02"]
[Round "1"]
[White "Capell Guix,S"]
[Black "Mundet Riera,Ja"]
[Result "0-1"]
[WhiteElo "1694"]
[BlackElo "2165"]

1.e4 d6 2.d4 Nf6 3.Nc3 e5 4.dxe5 dxe5 5.Qxd8+ Kxd8 6.Nf3 Bd6 7.Bg5 Be6 8.Be2 a6
9.O-O Nd7 10.Rad1 Ke8 11.Nd2 h6 12.Bxf6 Nxf6 13.Nc4 Ke7 14.Nxd6 cxd6 15.a3 Rac8
16.Rd2 Rxc3 17.bxc3 Nxe4 18.Rdd1 Nxc3 19.Rde1 Nxe2+ 20.Rxe2 Bc4 21.Re3 Bxf1
22.Kxf1 Rc8 23.Rb3 b5 24.c3 Rc4 25.Ke2 Ke6 26.f3 Kd5 27.Ke3 Ra4 28.Kd3 Kc5
29.g3 f5 30.h3 d5  0-1

[Event "8th United Insurance"]
[Site "Dhaka BAN"]
[Date "2008.08.02"]
[Round "6"]
[White "Shresta,B"]
[Black "Haque,R1"]
[Result "0-1"]
[WhiteElo "2106"]
[BlackElo "2179"]

1.e4 d6 2.d4 Nf6 3.Nc3 c6 4.Nf3 Bg4 5.Be2 e6 6.O-O Be7 7.Be3 d5 8.Nd2 Bxe2
9.Qxe2 O-O 10.e5 Nfd7 11.Nd1 c5 12.c3 Nc6 13.f4 Rc8 14.Nf3 cxd4 15.Nxd4 Nxd4
16.cxd4 Nb6 17.b3 Rc6 18.Rc1 Qd7 19.Rxc6 Qxc6 20.Nf2 Rc8 21.Rc1 Qd7 22.Rxc8+ Qxc8
23.Nd3 Nd7 24.g4 Nb8 25.Kg2 Qc3 26.Qd2 Qxd2+ 27.Bxd2 Nc6 28.Bc3 f6 29.Kf3 fxe5
30.dxe5 g6 31.f5 gxf5 32.gxf5 Kf7 33.f6 Bf8 34.h4 Kg6 35.b4 d4 36.Bb2 Kf5
37.Ke2 a6 38.a4 Nxe5 39.Nxe5 Kxe5 40.Kd3 Kxf6 41.Bxd4+ e5 42.Bc3 Kf5 43.Be1 Kf4
44.Ke2 Ke4 45.b5 axb5 46.axb5 Kd5 47.Bf2 Bc5 48.Bg3 Bd4 49.Kf3 Kc5 50.Ke4 Kxb5
51.Kd5 Kb4 52.Bxe5 Bxe5 53.Kxe5 Kc4 54.Kf6 b5 55.h5 b4 56.Kg7 b3 57.Kxh7 b2
58.h6 b1=Q+ 59.Kh8 Qb8+ 60.Kg7 Qe5+  0-1

[Event "XVIII Open"]
[Site "La Pobla de Lillet ESP"]
[Date "2008.08.02"]
[Round "1"]
[White "Granados Gomez,M"]
[Black "Torner Planell,Jor"]
[Result "1-0"]
[WhiteElo "2407"]
[BlackElo "1946"]

1.e4 d6 2.d4 Nf6 3.Nc3 e5 4.dxe5 dxe5 5.Qxd8+ Kxd8 6.Bc4 Ke8 7.f3 c6 8.a4 Bd6
9.Nge2 Ke7 10.Nd1 Be6 11.Ne3 Bxc4 12.Nxc4 Bc7 13.a5 Na6 14.Be3 Nd7 15.c3 b5
16.axb6 axb6 17.Kd2 Nac5 18.Kc2 b5 19.Nd2 Ne6 20.Nb3 Rhc8 21.Rhd1 Rd8 22.g3 Ndf8
23.f4 f6 24.f5 Ng5 25.Bc5+ Kf7 26.Rxd8 Rxd8 27.Ra7 Rd7 28.Bxf8 Kxf8 29.Nc5 Re7
30.Rxc7 Rxc7 31.h4 Ke7 32.hxg5 fxg5 33.Ne6 Ra7 34.Nxg5 h6 35.Nf3 Kd6 36.Nc1 c5
37.Nd3 c4 38.Ndxe5 Ke7 39.Kd2  1-0

[Event "IMA Jihlavanka Cup"]
[Site "Olomouc CZE"]
[Date "2008.08.02"]
[Round "4"]
[White "Krejci,Jan2"]
[Black "Johansson,Ja SWE"]
[Result "1/2-1/2"]
[WhiteElo "2305"]
[BlackElo "2450"]

1.e4 d6 2.d4 Nf6 3.Nc3 e5 4.Nf3 Nbd7 5.Bc4 Be7 6.O-O O-O 7.Re1 c6 8.a4 b6
9.d5 c5 10.Bd3 Ne8 11.Nd2 Bg5 12.Nc4 Bxc1 13.Qxc1 a6 14.Ra3 Rb8 15.Rb3 Qc7
16.Qg5 Nef6 17.Re3 h6 18.Qh4 Re8 19.Rg3 Kh8 20.Rf3 Kg8 21.Be2 Nh7 22.Rg3 Kh8
23.Bg4 Ndf6 24.Bxc8 Rexc8 25.Rf3 Rb7 26.Rf5 Rcb8 27.f4 b5 28.axb5 axb5 29.Nxd6 Qxd6
30.fxe5 Qf8 31.exf6 g6 32.Re5 c4 33.Rxb5 Rxb5 34.Nxb5 Rxb5 35.Re7 Rxb2 36.e5 Rxc2
37.e6 fxe6 38.f7 Kg7 39.dxe6 Nf6 40.Rc7 Rc1+ 41.Kf2 Rc2+ 42.Kg1 Rc1+ 43.Kf2  1/2-1/2

[Event "FSIMB August"]
[Site "Budapest HUN"]
[Date "2008.08.03"]
[Round "2"]
[White "Henris,L"]
[Black "Schloetzer,W"]
[Result "1/2-1/2"]
[WhiteElo "2268"]
[BlackElo "2280"]

1.e4 d6 2.d4 Nf6 3.Nc3 e5 4.dxe5 dxe5 5.Qxd8+ Kxd8 6.Bg5 Be6 7.O-O-O+ Nd7
8.f4 exf4 9.Nf3 h6 10.Bxf4 c6 11.a3 Ng4 12.Rd2 g5 13.Bg3 Bc5 14.Nd4 Ke7 15.Be2 Nge5
16.Rf1 Rad8 17.h3 f6 18.Rfd1 Bxd4 19.Rxd4 Bf7 20.Bf2 Nb6 21.b3 Rxd4 22.Rxd4 Rd8
23.Rb4 Ned7 24.a4 Rb8 25.a5 Nc8 26.Na4 b6 27.axb6 axb6 28.Ba6 b5 29.Bxc8  1/2-1/2

[Event "WCh-Junior"]
[Site "Gaziantep TUR"]
[Date "2008.08.03"]
[Round "1"]
[White "Pruijssers,R"]
[Black "Zubaidullin,R"]
[Result "1-0"]
[WhiteElo "2452"]
[BlackElo "1929"]

1.e4 d6 2.d4 Nf6 3.Nc3 e5 4.Nge2 exd4 5.Nxd4 Be7 6.Be3 O-O 7.f3 Re8 8.Qd2 d5
9.e5 c5 10.exf6 Bxf6 11.Ndb5 d4 12.Ne4 a6 13.Nbd6 dxe3 14.Qd5 Rxe4 15.Qxf7+ Kh8
16.Nxe4 Nc6 17.Rd1 Nd4 18.Nxf6 Be6 19.Rxd4 Qa5+ 20.b4 Qxa2 21.Qxb7 Qb1+ 22.Rd1 Qxb4+
23.Qxb4 cxb4 24.Nd5  1-0

[Event "Abkhasian Open"]
[Site "Sukhumi GEO"]
[Date "2008.08.03"]
[Round "1"]
[White "Romanov,M"]
[Black "Looshnikov,N"]
[Result "0-1"]
[WhiteElo "2182"]
[BlackElo "2462"]

1.e4 d6 2.d4 Nf6 3.Nc3 c6 4.f4 Qa5 5.Bd2 e5 6.dxe5 dxe5 7.fxe5 Ng4 8.Be2 Nxe5
9.Nf3 Nbd7 10.Nd5 Qd8 11.Nf4 Nxf3+ 12.Bxf3 Ne5 13.Qe2 Qh4+ 14.g3 Nxf3+ 15.Qxf3 Qg4
16.Qe3 Be7 17.h3 Qg5 18.O-O-O O-O 19.Bc3 Re8 20.Qf3 a5 21.Kb1 Bf8 22.Rhf1 Qe7
23.Rde1 b5 24.g4 b4 25.Bd4 Ba6 26.Rf2 Rad8 27.Bb6 Rb8 28.Bd4 Rbd8 29.Bb6 Rd7
30.e5 Bc4 31.b3 Bd5 32.Qe3 a4 33.Nd3 axb3 34.cxb3 Qe6 35.Nf4 Qe7 36.Nd3 Be6
37.Bc5 Rxd3 38.Bxe7 Rxe3 39.Rxe3 Bxe7 40.Rc2 Bd5 41.Kb2 Bf6 42.Rce2 Bg5 43.Rd3 Bf4
44.Rd4 Rxe5 45.Rc2 g5 46.Rxb4 Re3 47.Rb7 Be5+ 48.Ka3 Rxh3 49.Kb4 c5+ 50.Rxc5 Bd6
51.Rd7 Bxc5+ 52.Kxc5 Be6 53.Rd4 h5 54.gxh5 g4 55.Rd2 g3 56.b4 Rh2  0-1

[Event "12th HZ Open"]
[Site "Vlissingen NED"]
[Date "2008.08.03"]
[Round "2"]
[White "Pijpers,A"]
[Black "Van Gemert,R"]
[Result "1-0"]
[WhiteElo "2150"]
[BlackElo "1753"]

1.e4 d6 2.d4 Nf6 3.Nc3 Nbd7 4.g4 e5 5.g5 exd4 6.Qxd4 Ng4 7.f4 h6 8.Be2 Nb6
9.Qd1 f5 10.Bxg4 fxg4 11.f5 hxg5 12.Qxg4 g6 13.Bxg5 gxf5 14.exf5 Be7 15.Nf3 Bxg5
16.Nxg5 Qe7+ 17.Ne6 Bxe6 18.fxe6 O-O-O 19.O-O-O Rdg8 20.Qe4 Rh4 21.Qe3 Rg6
22.Rde1 Rhh6 23.Re2 Qxe6 24.Qf3 Qf6 25.Re8+ Kd7 26.Qe2 Qf4+ 27.Kb1 Re6 28.Rxe6 Rxe6
29.Qd3 Re3 30.Qh7+ Kc6 31.h4 Nc4 32.Qxc7+ Kxc7 33.Nd5+ Kd7 34.Nxf4 Rf3 35.Ng6 Ke6
36.h5 Kf7 37.h6 Kxg6 38.h7 Rf8 39.h8=Q Rxh8 40.Rxh8 a5 41.Rb8  1-0

[Event "8th United Insurance"]
[Site "Dhaka BAN"]
[Date "2008.08.04"]
[Round "8"]
[White "Ahmed,SN"]
[Black "Haque,R1"]
[Result "1-0"]
[WhiteElo "2292"]
[BlackElo "2179"]

1.e4 d6 2.d4 Nf6 3.Nc3 c6 4.f4 Qa5 5.Bd3 e5 6.Nf3 Bg4 7.Be3 Nbd7 8.O-O Be7
9.h3 Bxf3 10.Qxf3 O-O 11.a3 Qc7 12.Bc4 exd4 13.Bxd4 d5 14.exd5 cxd5 15.Bxd5 Nb6
16.Bxb6 Qxb6+ 17.Kh1 Rad8 18.Bb3 Qc7 19.Rad1 Bc5 20.Nd5 Nxd5 21.Bxd5 b6 22.c4 a5
23.Rd3 Qe7 24.Rfd1 Qf6 25.Rb1 Rde8 26.b4 axb4 27.axb4 Bd6 28.g3 Re7 29.Qf1 Ra7
30.Bg2 Ra2 31.Qd1 Be7 32.Rd2 Rxd2 33.Qxd2 Rd8 34.Qe1 Bf8 35.Kh2 Qd4 36.Qe2 Qc3
37.b5 Rd2 38.Qe4 Qc2 39.Re1 Qxe4 40.Rxe4 Rc2 41.Re8 g6 42.Rb8 Rxc4 43.Rxb6 Bc5
44.Rb8+ Kg7 45.b6 Rc1 46.h4 Rb1 47.b7 Bd6 48.Rd8 Bc7 49.Rd7 Bb8 50.Bd5 Rb2+
51.Kh3  1-0

[Event "WCh-Junior"]
[Site "Gaziantep TUR"]
[Date "2008.08.04"]
[Round "3"]
[White "So,W"]
[Black "Boros,De"]
[Result "1-0"]
[WhiteElo "2577"]
[BlackElo "2472"]

1.e4 d6 2.d4 Nf6 3.Nc3 e5 4.dxe5 dxe5 5.Qxd8+ Kxd8 6.Bg5 c6 7.Bc4 Ke8 8.Nf3 Nbd7
9.O-O-O Be7 10.Bh4 Ng4 11.Bg3 f6 12.Nd2 b5 13.Be6 Nc5 14.Bxc8 Rxc8 15.f3 Nh6
16.Bf2 Rc7 17.Nb3 Ne6 18.Rd2 Nf7 19.Rhd1 h5 20.a3 g6 21.Be3 h4 22.h3 f5 23.exf5 gxf5
24.Na2 c5 25.Nc3 Nd4 26.f4 Nxb3+ 27.cxb3 e4 28.Nd5 Rc6 29.Nxe7 Kxe7 30.Rd7+ Ke6
31.Rxa7 Rg8 32.Rdd7 Nd6 33.Bf2 Nc8 34.Rg7 Rd8 35.Bxh4 Rdd6 36.Raf7 e3 37.Rf6+ Kd5
38.Rxf5+ Kd4 39.Re5 c4 40.Be1 Rg6 41.Rd7+ Rcd6 42.Rxd6+ Nxd6 43.Rg5 Re6 44.Bc3+ Kd3
45.Kd1 e2+ 46.Ke1 Ne4 47.Rd5+ Kc2 48.Re5 Rxe5 49.Bxe5 Kd3 50.bxc4 bxc4 51.f5 Nc5
52.Bc3 Ke3 53.Bd2+ Ke4 54.f6  1-0

[Event "5th Open"]
[Site "Kalamaria GRE"]
[Date "2008.08.04"]
[Round "3"]
[White "Andriasian,Z"]
[Black "Dalaklis,G"]
[Result "1-0"]
[WhiteElo "2533"]
[BlackElo "2186"]

1.e4 d6 2.d4 Nf6 3.Nc3 Nbd7 4.g4 h6 5.f3 c6 6.Be3 b5 7.Qd2 Qa5 8.h4 Bb7 9.Nh3 O-O-O
10.a3 e5 11.b4 Qc7 12.d5 a6 13.dxc6 Bxc6 14.a4 bxa4 15.Bxa6+ Kb8 16.b5 Nc5
17.bxc6 Nxa6 18.Rb1+ Kc8 19.Nb5  1-0

[Event "IMA Jihlavanka Cup"]
[Site "Olomouc CZE"]
[Date "2008.08.04"]
[Round "6"]
[White "Malinovsky,K"]
[Black "Johansson,Ja SWE"]
[Result "1/2-1/2"]
[WhiteElo "2353"]
[BlackElo "2450"]

1.e4 d6 2.d4 Nf6 3.Nc3 e5 4.Nf3 Nbd7 5.Bc4 Be7 6.O-O O-O 7.Re1 c6 8.a4 b6
9.h3 Rb8 10.b3 a6 11.d5 cxd5 12.Nxd5 b5 13.axb5 axb5 14.Nxe7+ Qxe7 15.Bd3 Nc5
16.b4 Ne6 17.Qe2 Bd7 18.c3 Rfc8 19.Ra3 Bc6 20.Ng5 Nf8 21.f4 exf4 22.Bxf4 Ng6
23.Bg3 Ne5 24.Nf3 Nxd3 25.Qxd3 Bxe4 26.Qd4 Qb7 27.Ra7 Qc6 28.Re3 Ra8 29.Rxa8 Qxa8
30.Qxd6 Rd8 31.Qe5 Rd5 32.Qb8+ Qxb8 33.Bxb8 Bxf3 34.gxf3 Kf8 35.Ba7 Nd7 36.Kf2 f6
37.Ke2 Ne5 38.Bd4 Ng6 39.Kd3 Rd7 40.Ke4 Kf7 41.f4 Ne7 42.f5 g6 43.fxg6+ hxg6
44.Re1 Nf5 45.Ra1 Ke6 46.Bc5 Ng3+ 47.Kf3 Rd3+ 48.Kg2 Ne4 49.Bd4 f5 50.Ra6+ Kd5
51.Rxg6 f4 52.h4 f3+ 53.Kh2 f2 54.Bxf2 Nxf2 55.Rg5+ Kc6 56.c4 bxc4 57.Rc5+ Kd6
58.Rxc4 Rb3 59.Kg2 Nd3 60.h5 Ne5 61.Rd4+ Ke6 62.h6 Rb2+ 63.Kg3 Rb3+ 64.Kg2 Rb2+  1/2-1/2

[Event "Arctic Chess Challenge"]
[Site "Tromso NOR"]
[Date "2008.08.04"]
[Round "3"]
[White "Marks,I"]
[Black "Kasparova,T"]
[Result "0-1"]
[WhiteElo "1934"]
[BlackElo "2176"]

1.e4 d6 2.d4 Nf6 3.Nc3 e5 4.Nf3 Nbd7 5.Bc4 Be7 6.O-O O-O 7.Re1 c6 8.a4 b6
9.b3 a6 10.Bb2 Qc7 11.Qd2 Bb7 12.h3 b5 13.Bd3 Rfe8 14.Ne2 Bf8 15.Ng3 g6 16.dxe5 dxe5
17.axb5 cxb5 18.Nh4 Nc5 19.Qg5 Nfd7 20.Rad1 Ne6 21.Qd2 Ndc5 22.Nf3 Bg7 23.Qe3 Rac8
24.Bf1 Red8 25.Be2 Nf4 26.Bf1 Nce6 27.Rxd8+ Rxd8 28.Qa7 Nd4 29.Nxd4 exd4
30.e5 Ne6  0-1

[Event "12th HZ Open"]
[Site "Vlissingen NED"]
[Date "2008.08.04"]
[Round "4"]
[White "Steenbekkers,F"]
[Black "Steil Antoni,F"]
[Result "1-0"]
[WhiteElo "2219"]
[BlackElo "2103"]

1.e4 d6 2.d4 Nf6 3.Nc3 Nbd7 4.f4 e5 5.Nf3 exd4 6.Qxd4 c6 7.Be3 d5 8.exd5 Bc5
9.Qd2 Qe7 10.Nd4 Nb6 11.O-O-O Nbxd5 12.Nxd5 Nxd5 13.Bf2 O-O 14.Bc4 Nb6 15.Bd3 Qf6
16.c3 Nd5 17.f5 Bd6 18.Bg3 Bxg3 19.hxg3 Re8 20.g4 h6 21.Rh5 Qe5 22.Rf1 Qe3
23.g5 c5 24.Nc2 Qxd2+ 25.Kxd2 hxg5 26.Rfh1 Kf8 27.Rh8+ Ke7 28.Re1+ Be6 29.Rxe8+ Rxe8
30.fxe6 fxe6 31.Be4 Nf6 32.Bf3 b6 33.Ne3 Rd8+ 34.Ke2 g4 35.Nxg4 Nh5 36.Ne5 Nf4+
37.Ke3  1-0

[Event "FSIMB August"]
[Site "Budapest HUN"]
[Date "2008.08.05"]
[Round "4"]
[White "Kislik,E"]
[Black "Schloetzer,W"]
[Result "1-0"]
[WhiteElo "2302"]
[BlackElo "2280"]

1.e4 d6 2.d4 Nf6 3.Nc3 e5 4.Nf3 Nbd7 5.Bc4 Be7 6.O-O O-O 7.Re1 c6 8.a4 a5
9.b3 exd4 10.Nxd4 d5 11.exd5 Bb4 12.Re3 Nb6 13.dxc6 Nxc4 14.bxc4 Ng4 15.cxb7 Nxe3
16.bxa8=Q Nxd1 17.Nxd1 Qxd4 18.Bb2 Qxc4 19.Ne3 Qe2 20.Qe4 Rd8 21.Bxg7 Bb7
22.Qh4 Rd2 23.Bd4 Be7 24.Qg3+  1-0

[Event "XVIII Open"]
[Site "La Pobla de Lillet ESP"]
[Date "2008.08.05"]
[Round "4"]
[White "Lorca Cortada,D"]
[Black "Torner Planell,Jos"]
[Result "1-0"]
[WhiteElo "2068"]
[BlackElo "2133"]

1.e4 d6 2.d4 Nf6 3.Nc3 Nbd7 4.Bc4 e5 5.Nf3 Be7 6.Bb3 O-O 7.O-O c6 8.Re1 b5
9.a3 a5 10.dxe5 dxe5 11.Bg5 h6 12.Bh4 Re8 13.Qd2 Nh5 14.Bg3 Nxg3 15.hxg3 Bc5
16.Rad1 Qb6 17.g4 Nf6 18.g5 Ng4 19.g6 Bxf2+ 20.Kf1 Ra7 21.gxf7+ Rxf7 22.Bxf7+ Kxf7
23.Re2 Qc5 24.Rxf2  1-0

[Event "WCh-Junior"]
[Site "Gaziantep TUR"]
[Date "2008.08.06"]
[Round "5"]
[White "Arun Prasad,S"]
[Black "Lortkipanidze,N"]
[Result "1-0"]
[WhiteElo "2492"]
[BlackElo "2080"]

1.d4 d6 2.e4 Nf6 3.Nc3 e5 4.Nge2 Be7 5.g3 Bg4 6.Qd3 c5 7.d5 Na6 8.Bg2 O-O
9.Be3 b5 10.Nxb5 Qa5+ 11.Nec3 c4 12.Qd2 Rab8 13.Nxa7 Bd7 14.Rb1 Nc5 15.Nc6 Bxc6
16.dxc6 Na4 17.O-O Nxc3 18.Qxc3 Qa6 19.c7 Rbc8 20.b4 cxb3 21.Bh3 Nxe4 22.Bxc8 Qxf1+
23.Kxf1 Nxc3 24.Rxb3 Nd5 25.Bb7 Nxc7 26.a4 d5 27.Bb6 Ne6 28.a5 Nc5 29.a6 g6
30.Rb5  1-0

[Event "IMC Dacia Cup"]
[Site "Olomouc CZE"]
[Date "2008.08.06"]
[Round "10"]
[White "Biolek,R1"]
[Black "Jurcik,Mart"]
[Result "1/2-1/2"]
[WhiteElo "2354"]
[BlackElo "2352"]

1.e4 d6 2.d4 Nf6 3.Nc3 e5 4.dxe5 dxe5 5.Qxd8+ Kxd8 6.Bc4 Ke8 7.Nf3 Bd6 8.Bg5 Nbd7
9.O-O-O a6 10.Rhe1 b5 11.Bb3 Bb7 12.Bxf6 Nxf6 13.Ng5 Rf8 14.Nd5 Nxd5 15.exd5 h6
16.Nf3 f6 17.Nd4 Bc8 18.Ne6 Bxe6 19.dxe6 Ke7 20.Re3 f5 21.Rg3  1/2-1/2

[Event "XXXIV Open"]
[Site "Badalona ESP"]
[Date "2008.08.07"]
[Round "7"]
[White "Humeau,C"]
[Black "Pakleza,Z"]
[Result "0-1"]
[WhiteElo "2170"]
[BlackElo "2495"]

1.d4 d6 2.e4 Nf6 3.Nc3 c6 4.Nf3 Bg4 5.Be2 e6 6.O-O Be7 7.Be3 d5 8.e5 Nfd7
9.Ne1 Bxe2 10.Nxe2 c5 11.c3 Qb6 12.Qb3 Nc6 13.f4 O-O 14.Nd3 Na5 15.Qxb6 axb6
16.b3 c4 17.Ndc1 Ba3 18.b4 Nc6 19.f5 Rfe8 20.fxe6 fxe6 21.Rf2 Na7 22.Nf4 Nb5
23.Rc2 Nxc3 24.Rxc3 Bb2 25.Rb1 Bxc3 26.Nce2 g5 27.Nxe6 Rxe6 28.Nxc3 Ra3 29.Nxd5 Nxe5
30.dxe5 Rxe5 31.Nf6+ Kf7 32.Ng4 Rexe3 33.Nxe3 Rxe3 34.Kf2 Ra3 35.Rb2 Ke6
36.Ke2 Kd5 37.Rd2+ Ke4 38.Rb2 c3 39.Rc2 Kd4 40.g3 Ra4  0-1

[Event "FSIMB August"]
[Site "Budapest HUN"]
[Date "2008.08.07"]
[Round "6"]
[White "Farago,S"]
[Black "Schloetzer,W"]
[Result "1/2-1/2"]
[WhiteElo "2271"]
[BlackElo "2280"]

1.e4 d6 2.d4 Nf6 3.Nc3 e5 4.dxe5 dxe5 5.Qxd8+ Kxd8 6.Bg5 Be6 7.O-O-O+ Nd7
8.f4 exf4 9.e5 h6 10.Bxf4 Ng4 11.Ne4 g5 12.Bd2 Bg7 13.h3 Ngxe5 14.Bc3 Rg8
15.Nc5 Kc8 16.Nxe6 fxe6 17.Ne2 c5 18.Ng3 Kc7 19.Ne4 Nc6 20.Bc4 Rae8 21.Rd6 Bxc3
22.bxc3 Nb6 23.Bb5 Rgf8 24.Rhd1 Rf5 25.c4 Re7 26.c3 a6 27.Bxc6 bxc6  1/2-1/2

[Event "FSIMA August"]
[Site "Budapest HUN"]
[Date "2008.08.07"]
[Round "6"]
[White "Beck,F"]
[Black "Miltner,A"]
[Result "1-0"]
[WhiteElo "2335"]
[BlackElo "2354"]

1.e4 d6 2.d4 Nf6 3.Nc3 e5 4.Nf3 Nbd7 5.Bc4 Be7 6.O-O O-O 7.Re1 a6 8.a4 b6
9.b3 Bb7 10.Bb2 c6 11.Bf1 b5 12.Qd2 Re8 13.g3 Bf8 14.Bg2 exd4 15.Qxd4 Qc7
16.Nh4 Rad8 17.axb5 axb5 18.Rad1 d5 19.exd5 Rxe1+ 20.Rxe1 Nb6 21.Nf5 Nbxd5
22.Nxd5 cxd5 23.Qh4 Re8 24.Nh6+ Kh8 25.Rxe8 Nxe8 26.Qd8 Qxd8 27.Nxf7+ Kg8
28.Nxd8 Ba8 29.Ne6 Bd6 30.c4 bxc4 31.bxc4 Kf7 32.Bxd5 Bxd5 33.cxd5 Nf6 34.Bxf6 Kxf6
35.f4 g6 36.Kf2 h6 37.Kf3 Bb4 38.g4 g5 39.Ke4 gxf4 40.Nxf4 Kg5 41.h3 Kh4
42.Kf5 Bd6 43.Ng6+ Kxh3 44.Ne5 Kh4 45.Nf7 Bf8 46.d6  1-0

[Event "XXXIV Open"]
[Site "Badalona ESP"]
[Date "2008.08.08"]
[Round "8"]
[White "Rios,Al"]
[Black "Lubczynski,R"]
[Result "1/2-1/2"]
[WhiteElo "2340"]
[BlackElo "2414"]

1.e4 d6 2.d4 Nf6 3.Nc3 e5 4.Nf3 Nbd7 5.Bc4 Be7 6.Be3 O-O 7.Qe2 c6 8.O-O-O Qc7
9.dxe5 dxe5 10.Bg5 b5 11.Bd3 Nc5 12.h3 a5 13.Qe3 Ne6 14.Bh4 Bc5 15.Qd2 Nh5
16.Ne2 f6 17.g4 Nhf4 18.Bg3 Rd8 19.Bxf4 exf4 20.Rhf1 Bb4 21.c3 Be7 22.Ned4 Nc5
23.Bb1 b4 24.Qc2 bxc3 25.Qxc3 Rb8 26.Rg1 Kh8 27.Qc2 Ba6 28.e5 g6 29.exf6 Nd3+
30.Rxd3 Bxd3 31.fxe7 Bxc2 32.exd8=Q+ Rxd8 33.Bxc2 Qb6 34.Rd1 c5 35.Ne2 Rb8
36.b3 a4 37.Rd3 c4 38.bxc4 Qxf2 39.Ned4 Qf1+ 40.Kd2 Re8 41.c5 Qa1 42.a3 Re3
43.c6 Rxd3+ 44.Kxd3 Qxa3+ 45.Kc4 Qa2+ 46.Kc5 a3 47.Bb3 Qb2 48.c7 Qc3+ 49.Bc4 Qa5+
50.Nb5 Qa6 51.Nd6 Qa5+ 52.Kc6 Qa4+ 53.Kb7 Qb4+ 54.Bb5 Qc5 55.Bc6 Qb4+ 56.Nb5 Kg7
57.c8=Q Qe7+ 58.Bd7 a2 59.Qc3+ Kg8 60.Qb3+ Qf7 61.Qxf7+ Kxf7 62.Be6+ Kxe6
63.Nbd4+ Kd5 64.Nc2 Ke4 65.Nh2 f3 66.Kc6 Kf4 67.Nf1 h5 68.gxh5 gxh5 69.Kd5 f2
70.Kd4 Kf3 71.Kd3 Kg2 72.Ke2 Kxh3 73.Kxf2 Kg4 74.Kg2 Kf4 75.Nd2 h4 76.Kh3 Kf5
77.Nb3 Ke4 78.Nb4 a1=Q 79.Nxa1 Kd4 80.Kxh4 Kc3 81.Nac2 Kc4 82.Kg4 Kc3 83.Kf4 Kc4
84.Ke4 Kc3 85.Kd5 Kd2 86.Kd4 Ke2 87.Nd3 Kf3 88.Ne3 Ke2 89.Ne5 Kd2 90.N5c4+ Ke2
91.Ke4 Kf2 92.Nf5 Ke2 93.Ng3+ Kf2 94.Kf4 Kg2 95.Ne4 Kh3 96.Ne3 Kh4 97.Ng3 Kh3
98.Ngf5 Kh2 99.Kf3 Kh3 100.Ng3 Kh2  1/2-1/2

[Event "FSGM August"]
[Site "Budapest HUN"]
[Date "2008.08.08"]
[Round "7"]
[White "Hirneise,T"]
[Black "Lorscheid,G"]
[Result "1/2-1/2"]
[WhiteElo "2481"]
[BlackElo "2348"]

1.e4 d6 2.d4 Nf6 3.Nc3 e5 4.Nf3 Nbd7 5.Bc4 Be7 6.O-O O-O 7.h3 c6 8.a4 exd4
9.Nxd4 d5 10.exd5 Nb6 11.Bb3 Nbxd5 12.Nxd5 Nxd5 13.Qf3 Bc5 14.Rd1 Qf6 15.Qxf6 Nxf6
16.Be3 Be7 17.Re1 Rd8 18.Rad1  1/2-1/2

[Event "1st Masters"]
[Site "Chambery FRA"]
[Date "2008.08.09"]
[Round "8"]
[White "Solodovnichenko,Y"]
[Black "Moser,E"]
[Result "1/2-1/2"]
[WhiteElo "2541"]
[BlackElo "2383"]

1.e4 d6 2.d4 Nf6 3.Nc3 e5 4.Nf3 Nbd7 5.Bc4 Be7 6.O-O O-O 7.Re1 c6 8.a4 a5
9.h3 h6 10.Ba2 Re8 11.Be3 Qc7 12.d5 Nf8 13.Qd3 Ng6 14.Rad1 Rf8 15.Nd2 Nh5
16.Nc4 c5 17.Nb5 Qd8 18.Bxc5 dxc5 19.d6 Bh4 20.d7 Nhf4 21.dxc8=Q Bxf2+ 22.Kxf2 Nxd3+
23.Rxd3 Qxc8 24.Nb6 Qb8 25.Nd7 Qc8 26.Nb6 Qb8 27.Red1 Nf4 28.Rd7 Ra6 29.R1d6 Nh5
30.Bd5 Nf6 31.Rxb7 Nxd5 32.Rxb8 Rxb8 33.Nxd5 Rxd6 34.Nxd6 Rxb2 35.Kf3 Rxc2
36.Nb6 Rb2 37.Ndc4 Rb4 38.Ke3 h5 39.Kd3 f6 40.Ke2 Kh7 41.Kf3 Kh6 42.Kg3 Kg5
43.Kh2 h4 44.Kg1 Kh5  1/2-1/2

[Event "BDO Challenger"]
[Site "Haarlem NED"]
[Date "2008.08.09"]
[Round "1"]
[White "Rombaldoni,An"]
[Black "Lathouwers,R"]
[Result "1-0"]
[WhiteElo "2219"]
[BlackElo "2214"]

1.e4 d6 2.d4 Nf6 3.Nc3 e5 4.Nge2 Be7 5.g3 c5 6.d5 Bd7 7.a4 Na6 8.Bg2 O-O
9.O-O Qb6 10.h3 c4 11.g4 h5 12.g5 Nh7 13.h4 Bg4 14.Kh2 Rfe8 15.f3 Bd7 16.f4 Bg4
17.Bf3 Bxf3 18.Rxf3 f6 19.g6 Nf8 20.f5 Rec8 21.Ng3 Bd8 22.Nxh5 Qc7 23.Ng3 Qe7
24.h5 Ba5 25.Kg2  1-0

[Event "FSGM August"]
[Site "Budapest HUN"]
[Date "2008.08.10"]
[Round "9"]
[White "Dinger,F"]
[Black "Lorscheid,G"]
[Result "1-0"]
[WhiteElo "2333"]
[BlackElo "2348"]

1.e4 d6 2.d4 Nf6 3.Nc3 e5 4.Nf3 Nbd7 5.Bc4 Be7 6.O-O O-O 7.Re1 a6 8.a4 b6
9.b3 c6 10.Bb2 Rb8 11.Bd3 Re8 12.Ne2 Bf8 13.Ng3 Bb7 14.c4 exd4 15.Nxd4 d5
16.exd5 Rxe1+ 17.Qxe1 cxd5 18.Rd1 Qe7 19.Qd2 dxc4 20.Ndf5 Qc5 21.Bxc4 Qc6
22.f3 b5 23.axb5 axb5 24.Bd3 h6 25.Kh1 Qd5 26.Ne4 Nxe4 27.fxe4 Qxb3 28.Bb1 Nc5
29.Rf1 Ne6 30.Qf2 Ng5 31.Nxh6+ gxh6 32.Qf6 Kh7 33.Qf5+ Kg8 34.Qe5 f6 35.Qxf6 Kh7
36.Qf5+ Kg8 37.Qg6+  1-0

[Event "FSIMB August"]
[Site "Budapest HUN"]
[Date "2008.08.10"]
[Round "9"]
[White "Csirik,A"]
[Black "Schloetzer,W"]
[Result "1/2-1/2"]
[WhiteElo "2272"]
[BlackElo "2280"]

1.e4 d6 2.d4 Nf6 3.Nc3 e5 4.Nf3 Nbd7 5.Bc4 Be7 6.O-O O-O 7.Re1 c6 8.a4 a5
9.h3 exd4 10.Qxd4 Nc5 11.b3 Be6 12.Bxe6 fxe6 13.e5 dxe5 14.Qxe5 Nd5 15.Nxd5 cxd5
16.Ba3 Bd6 17.Qe3 Ne4 18.Bxd6 Qxd6 19.Rad1 Qc5 20.Qxc5 Nxc5 21.Nd4 Rf6 22.f3 Kf7
23.Rd2 h6 24.Kh2  1/2-1/2